| 000 | 00635nam a22002051a 4500 | ||
|---|---|---|---|
| 001 | 8577384 | ||
| 005 | 20110718134042.0 | ||
| 008 | 831018s1969 ke 000 0 fre | ||
| 010 | _a77982927 | ||
| 035 | _9(DLC) 77982927 | ||
| 040 |
_aDLC _cCarP _dDLC |
||
| 050 | 0 | 0 |
_aPL 8704.R55 1969 _bPL 8704.R55 1969 |
| 100 | 1 | _aRobert, Shaaban, 1909-1962. [from old ca | |
| 245 | 1 | 0 |
_aKoja la lugha. _h[Text] |
| 260 |
_aNairobi _bOxford University Press _cc1969 |
||
| 300 | _a93 p. 18 cm. | ||
| 600 | _aSwahili Language - Texts | ||
| 906 |
_a0 _bcbc _cpremunv _du _encip _f19 _gy-gencatlg |
||
| 991 |
_bc-GenColl _hPL8704 _i.R55 1969 _tCopy 1 _wPREM |
||
| 999 |
_c43535 _d43511 |
||